Music Quiz

Random Music Quiz

Wu-Tang Members Quiz Stats

 Plays Quiz not verified by Sporcle

Score 0/10 Timer 03:00
0 Plays Today
Real Names Name % Correct
Clifford SmithMethod Man
96.2%
Robert DiggsRZA
86.8%
Gary GriceGZA
83%
Russell JonesOl' Dirty Bastard
83%
Dennis ColesGhostface Killah
81.1%
Corey WoodsRaekwon
77.4%
Jason HunterInspectah Deck
66%
Lamont HawkinsU-God
60.4%
Jamel AriefMasta Killa
45.3%
Darryl HillCappadonna
34%

You're not logged in!

Compare scores with friends on all Sporcle quizzes.
OR
Log In

Show Comments

Extras

Created Nov 22, 2010ReportNominate
Tags:original, Wu-Tang

Top Quizzes Today


Score Distribution

Your Account Isn't Verified!

In order to create a playlist on Sporcle, you need to verify the email address you used during registration. Go to your Sporcle Settings to finish the process.

Report this User

Report this user for behavior that violates our Community Guidelines.

Details: